Normal view
MARC view
- Layman, C. Stephen
Entry Personal Name
001 - CONTROL NUMBER
- control field: 10400
003 - CONTROL NUMBER IDENTIFIER
- control field: NUST
005 - DATE AND TIME OF LATEST TRANSACTION
- control field: 20180521063532.0
008 - FIXED-LENGTH DATA ELEMENTS
- fixed length control field: 180521|| aca||aabn | a|a d
040 ## - CATALOGING SOURCE
- Original cataloging agency: NUST
- Transcribing agency: NUST
100 ## - HEADING--PERSONAL NAME
- Personal name: Layman, C. Stephen
- Fuller form of name: (Charles Stephen),
- Dates associated with a name: 1950-
670 ## - SOURCE DATA FOUND
- Source citation: Work cat.: (NUST)0: Layman, C. Stephen (Charles Stephen), 1950-, The power of logic /, c2005.
